Detalles MARC
| 000 -CABECERA |
| campo de control de longitud fija |
00988nam a2200265 a 4500 |
| 001 - NÚMERO DE CONTROL |
| campo de control |
000032101 |
| 003 - IDENTIFICADOR DEL NÚMERO DE CONTROL |
| campo de control |
DO-SdBNP |
| 005 - FECHA Y HORA DE LA ÚLTIMA TRANSACCIÓN |
| campo de control |
20250318151031.0 |
| 008 - DATOS DE LONGITUD FIJA--INFORMACIÓN GENERAL |
| campo de control de longitud fija |
110712s1992 xxuabc 001 0 spa d |
| 040 ## - FUENTE DE LA CATALOGACIÓN |
| Centro catalogador/agencia de origen |
DO-SdBNP |
| Lengua de catalogación |
spa |
| Centro/agencia transcriptor |
BNPHU |
| 049 ## - FONDOS LOCALES (OCLC) |
| Fondos de biblioteca |
BNPD |
| 082 ## - NÚMERO DE LA CLASIFICACIÓN DECIMAL DEWEY |
| Número de clasificación |
972.9301 |
| Número de documento/Ítem |
R863t |
| 100 1# - ENTRADA PRINCIPAL--NOMBRE DE PERSONA |
| Nombre de persona |
Rouse, Irving, |
| Fechas asociadas al nombre |
1913-2006 |
| 9 (RLIN) |
58220 |
| 245 14 - MENCIÓN DE TÍTULO |
| Título |
The tainos : |
| Resto del título |
rise & decline of the people who greeted Columbus / |
| Mención de responsabilidad, etc. |
Irving Rouse. |
| 260 ## - PUBLICACIÓN, DISTRIBUCIÓN, ETC. |
| Lugar de publicación, distribución, etc. |
New Haven, Estados Unidos : |
| Nombre del editor, distribuidor, etc. |
Yale University Press, |
| Fecha de publicación, distribución, etc. |
1992. |
| 300 ## - DESCRIPCIÓN FÍSICA |
| Extensión |
211 p. : |
| Otras características físicas |
il., mapas ; |
| Dimensiones |
24 cm. |
| 500 ## - NOTA GENERAL |
| Nota general |
Bibliografía: p.187-201. |
| 600 #0 - PUNTO DE ACCESO ADICIONAL DE MATERIA--NOMBRE DE PERSONA |
| Nombre de persona |
COLÓN, CRISTOBAL, |
| Fechas asociadas al nombre |
1436-1456 |
| 9 (RLIN) |
19795 |
| 650 #4 - PUNTO DE ACCESO ADICIONAL DE MATERIA--TÉRMINO DE MATERIA |
| Término de materia o nombre geográfico como elemento de entrada |
Indígenas de las antillas |
| Subdivisión general |
Historia |
| 9 (RLIN) |
44150 |
| 650 #4 - PUNTO DE ACCESO ADICIONAL DE MATERIA--TÉRMINO DE MATERIA |
| Término de materia o nombre geográfico como elemento de entrada |
Taínos |
| Subdivisión general |
Vida social y costumbres |
| 9 (RLIN) |
44131 |
| 650 #4 - PUNTO DE ACCESO ADICIONAL DE MATERIA--TÉRMINO DE MATERIA |
| Término de materia o nombre geográfico como elemento de entrada |
Taínos |
| Subdivisión general |
Religión y mitología |
| 9 (RLIN) |
44152 |
| 651 #4 - PUNTO DE ACCESO ADICIONAL DE MATERIA--NOMBRE GEOGRÁFICO |
| Nombre geográfico |
América -- |
| Subdivisión general |
Descubrimiento y exploración -- |
| -- |
Españoles |
| 9 (RLIN) |
544 |
| Subdivisión de forma |
Ensayo, conferencias, etc. |
| 910 ## - DATOS DE OPCIÓN DEL USUARIO (OCLC) |
| Datos de opción del usuario |
Validado. Control de calidad EMS |
| 942 ## - ELEMENTOS DE PUNTO DE ACCESO ADICIONAL (KOHA) |
| Fuente del sistema de clasificación o colocación |
Dewey Decimal Classification |
| Tipo de ítem Koha |
Libro |